000 00846nam a2200253Ia 4500
003 OSt
005 20220926020314.0
006 a|||||r|||| 00| 0
007 ta
008 220923b |||||||| |||| 00| 0 eng d
020 _a9781138667860
_c895.00
037 _b230, 09/03/2017, CLASSIC BOOKS SERVICES
_cGeneral Book
040 _aRTL
_cRTL
_beng
041 _2eng
_aeng
082 _aY31:7:7:(Z2.P05), Q6
100 _aKUMAR Pramod
_9252744
245 0 _aMgnrega
_b Employment,wages and migration in rural India.
260 _aNew York
_bRoutledge
_c2016
300 _axxi,274p.
_ccm.
650 _aSociology
700 _a CHAKRABORTY Dipanwita
_9324109
942 _hY31:7:7:(Z2.P05), Q6
_cGB
_2CC
999 _c633935
_d633935